Cities by Rush Hour Speed - Statistics

General Stats
  • This quiz has been taken 24 times
  • The average score is 14 of 20
Answer Stats
Speed km/h Country City % Correct
14 United Kingdom London
100%
16 Ireland Dublin
94%
18 Mexico Mexico City
94%
17 Italy Milan
94%
18`` France Paris
94%
18 Belgium Brussels
89%
19 Italy Rome
89%
18 Canada Toronto
89%
20 United States New York
83%
17 Peru Lima
78%
20 Colombia Bogota
72%
19 Philippines Manila
72%
20 Greece Athens
67%
17 Romania Bucharest
67%
18 India Bangalore
50%
20 Italy Turin
44%
18 France Bordeaux
33%
20 Japan Sapporo
33%
19 India Pune
28%
20 Taiwan Taichung
17%
No matching quizzes found
Score Distribution
Percent of People with Each Score
Percentile by Number Answered
Your Score History
You have not taken this quiz